Métodos fundamentales de economía matemática

Guardat en:
Dades bibliogràfiques
Autors principals: Chiang, Alpha C (Autor), Wainwright, Kevin (Autor)
Format: Llibre
Idioma:espanyol
Publicat: Ciudad de México McGraw-Hill 2006
Edició:4a. ed
Matèries:
Etiquetes: Afegir etiqueta
Sense etiquetes, Sigues el primer a etiquetar aquest registre!

MARC

LEADER 00000nam a2200000 a 4500
001 UCG0512
003 CL-VaPUC
008 100325e20060000MX |||||||||||||||||spa|d
020 |a 9789701056141 
082 0 4 |a 330.154  |b CHI  |2 21 
100 0 |a Chiang, Alpha C  |e author  |9 547974 
700 0 |a Wainwright, Kevin  |e author  |9 547975 
245 1 0 |a Métodos fundamentales de economía matemática 
250 |a 4a. ed 
300 |a 688 p 
942 |c BK 
945 |d 20100325 00:00:00  |a dcastane 
260 |a Ciudad de México  |b McGraw-Hill  |c 2006 
650 0 |a Economía matemática  |9 270388 
650 0 |a Modelos económicos  |9 324997 
650 0 |a Álgebra   |x Matrices  |9 369268 
650 0 |a Matrices   |9 22 
650 0 |a Cálculo integral  |9 260103 
583 |a last modification  |c 20130325 05:20:26  |k Rodrigo Vera 
999 |c 340134  |d 340132 
952 |0 0  |1 0  |4 0  |6 330_154000000000000_CHI_2006  |7 0  |8 A  |9 434655  |a BIBENE  |b BIBENE  |d 2019-11-22  |i 4654072  |o 330.154 CHI 2006  |p 4654072  |r 2025-01-15  |w 2019-11-22  |y BK  |k ICO